01000cam a22002775a 450000100100000000500170001000800410002702000150006804000260008308200240010910000160013324500910014926000360024030000340027649000340031050000200034465000290036465000420039365000230043565300220045869000440048088600690052494200080059399900170060195201040061800874302920201124142510.0801201t1979 enka fr 001 0 eng d a049102309X aUkcUkbengdEG-ScBUE04a330.015195222bHOY1 aHoyle, Ken.10aBusiness statistics and accounting made simple /cby Ken Hoyle and Geoffrey Whitehead. aLondon :bW. H. Allen,cc.1979. axii, 350 p. :bill. ;c22 cm.0 aMade simple books,x0464-2902 aIncludes index. 7aAccounting.2BUEsh99036 7aBusinessxStatistical methods.2BUEsh 1aStatistics.2BUEsh bBUSADMcApril20187 aManagement and Business Studies2blcoll2 2ukmarca900b10aWhiteheadhG. M.xSeeaWhitehead, Geoffreyz100 2ddc c26576d26548 00102ddc4070aMAINbMAINc1STd2018-04-23l0o330.015195 HOYp000047653r2025-07-15 00:00:00yBB